| 000 | 00563nam a2200193Ia 4500 | ||
|---|---|---|---|
| 005 | 20250423094518.0 | ||
| 008 | 250422s9999 xx 000 0 und d | ||
| 020 | _a978097870247 | ||
| 050 | _aLB 1029 .P67 K553/ | ||
| 100 | _aKingore, Bertie W. | ||
| 245 | 0 | _aAssessment : time-saving procedures for busy teachers | |
| 250 | _a4th ed. | ||
| 260 | _aTexas | ||
| 260 | _bProfessional Associates | ||
| 260 | _c2007 | ||
| 300 | _a258 p | ||
| 650 | _aPortfolios in education --United States. Educational tests and measurements --United States. | ||
| 942 | _cBK | ||
| 999 |
_c27459 _d27459 |
||